| 000 | 00646nam a22001697a 4500 | ||
|---|---|---|---|
| 005 | 20251108174631.0 | ||
| 008 | 250721s2006 xx 000 0 ara d | ||
| 082 | 1 | 4 | _a341.75/عنز |
| 100 | 1 |
_aالعنزي، ممدوح عبد العزيز _eمؤلف |
|
| 245 | 1 | 0 | _aبطلان القرار التحكيمي التجاري الدولي الأسباب و النتائج : دراسة مقارنة / |
| 264 | 1 |
_aبيروت : _bمنشورات الحلبي الحقوقية، _c2006. |
|
| 300 | _a440 ص. | ||
| 650 | 1 | 7 | _aالتحكيم الدولي |
| 650 | 1 | 7 | _aالقانون التجاري الدولي |
| 942 |
_2ddc _cBK |
||
| 999 |
_c114081 _d114081 |
||